Трудные повести; Русские повести трудной судьбы: 1920-е годы; Встреча; Жестокость; Шоколад; Повесть непогашенной луны; Собачье сердце; Луна с правой стороны, или необыкновенная любовь

Библиографические подробности
Другие авторы: Ванюков А. И. (составитель)
Язык:русский
Опубликовано: Москва, Молодая гвардия, 1990
Содержание:А. И. Ванюков, Русские повести трудной судьбы: 1920-е годы;
И. Вольнов, Встреча;
С. Сергеев-Ценский, Жестокость;
А. Тарасов-Родионов, Шоколад;
Б. А. Пильняк, Повесть непогашенной луны;
М. А. Булгаков, Собачье сердце;
С. Малашкин, Луна с правой стороны, или необыкновенная любовь;
Предметы:
Формат: Книга
Запись в KOHA:https://koha.lib.tpu.ru/cgi-bin/koha/opac-detail.pl?biblionumber=153589

MARC

LEADER 00000nam0a2200000 4500
001 153589
005 20231101221712.0
010 |a 5235009363 
020 |a RU  |b 92-15654 
035 |a (RuTPU)RU\TPU\book\166618 
090 |a 153589 
100 |a 20090213d1990 em y0rusy5003 ca 
101 0 |a rus 
102 |a RU 
105 |a a z 001ay 
200 1 |a Трудные повести  |f сост. А. И. Ванюков 
210 |a Москва  |c Молодая гвардия  |d 1990 
215 |a 544 с.  |c ил. 
320 |a Комментарии: с. 526-542. 
464 |t Русские повести трудной судьбы: 1920-е годы  |o предисловие  |f А. И. Ванюков 
464 |t Встреча  |f И. Вольнов 
464 |t Жестокость  |f С. Сергеев-Ценский 
464 |t Шоколад  |o фантастическая повесть  |f А. Тарасов-Родионов 
464 |t Повесть непогашенной луны  |f Б. А. Пильняк 
464 |t Собачье сердце  |o чудовищная история  |f М. А. Булгаков 
464 |t Луна с правой стороны, или необыкновенная любовь  |f С. Малашкин 
606 1 |a Русская литература современная  |2 stltpush  |3 (RuTPU)RU\TPU\subj\26373  |9 50316 
610 1 |a советская литература 
610 1 |a повести 
610 1 |a сборники 
675 |a Р2  |v 3 
702 1 |a Ванюков  |b А. И.  |4 220 
801 0 |a RU  |b RuMRKP  |c 19950417  |g psbo 
801 1 |a RU  |b 63413507  |c 20090213  |g PSBO 
801 2 |a RU  |b 63413507  |c 20220126  |g PSBO 
942 |c BK